000 00860nac a22002537a 4500
001 BR9902000
003 BR-BrBNA
005 20240105122211.0
008 230509b bl.|||m| |||| 00| 0 por d
040 _aBR-BrBNA
_bpor
_cBiblioteca Nacional de Agricultura
072 _aC30; L01
090 _a5212 BR9902000
100 1 _aMeira, C.A.A.
110 1 _aCentro Nacional de Pesquisa Tecnologica em Informatica para a Agricultura, Campinas, SP (Brasil)
245 1 _aLactus para Windows
260 3 _aCampinas, SP (Brasil):
_c1998.
300 _a3 p.
490 _aComunicado Tecnico - Centro Nacional de Pesquisa Tecnologica em Informatica para a Agricultura (Brazil)
_vno. 5
_xISSN 1415-8825
650 _aBovino
650 _aRebanho
650 _aPrograma de Computador
909 _a202312
_bLúcia Elande
_c55
_dLúcia Elande
942 _2AGRIS
_n0
_cMS
999 _c289767
_d289767